Diario de un teólogo. 1946-1956.

Gespeichert in:
Bibliographische Detailangaben
1. Verfasser: Congar, Yves Marie-Joseph, 1904-1995 (autor)
Weitere Verfasser: Fouilloux, Étienne (edición), Congar, Dominique (colaboración), Duval, André (colaboración), Montagnes, Bernard (colaboración), Carlos Otto, Federico de (traducción)
Format: Buch
Sprache:Englisch
Veröffentlicht: Madrid, España: Trotta, 2004.
Schriftenreihe:Colección Estructuras y Procesos. Serie Religión.
Schlagworte:
Tags: Tag hinzufügen
Keine Tags, Fügen Sie den ersten Tag hinzu!

MARC

LEADER 00000nam a22000007a 4500
003 CL-VaPUC
005 20230822110653.0
008 230818t2004 ||||| |||| 00| 0 eng d
999 |c 441587  |d 441585 
020 |a 84-8164-680-6 
040 |c Pontificia Universidad Católica de Valparaíso 
082 |2 22  |a 922.244 CON 2004 
100 |9 884013  |a Congar, Yves Marie-Joseph,   |d 1904-1995  |e autor 
245 |a Diario de un teólogo.  |b 1946-1956.  
260 |a Madrid, España:   |b Trotta,   |c 2004. 
300 |a 503 páginas.  
490 |a Colección Estructuras y Procesos. Serie Religión.  
500 |a c.1 Donación Sr. Jorge Precht Pizarro. 26-05-23. Biblioteca Teología.  
583 |c 20230818  |k Yessy Sthefany Diaz Vidal 
600 0 |9 884013  |a Congar, Yves Marie-Joseph,   |d 1904-1995  |e Teólogo  |v Memorias  |y Siglo 20  |z Francia 
650 0 |9 321227  |a Teólogos   |v Diarios de vida   |y Siglo 20  |z Francia  
700 |9 884233  |a Fouilloux, Étienne  |e edición 
700 |9 884234  |a Congar, Dominique  |e colaboración 
700 |9 884235  |a Duval, André  |e colaboración 
700 |9 884236  |a Montagnes, Bernard  |e colaboración 
700 |9 884237  |a Carlos Otto, Federico de  |e traducción 
942 |2 ddc  |c BK 
952 |0 0  |1 0  |2 ddc  |4 0  |6 922_244000000000000_CON_2004  |7 0  |8 A  |9 591273  |a BIBTEO  |b BIBTEO  |c GEN  |d 2023-08-18  |e Donación  |i 5658264  |o 922.244 CON 2004  |p 5658264  |r 2025-01-17  |t 1  |w 2023-08-18  |y BK  |k ICR